000 00567nam a2200229Ia 4500
003 OSt
005 20220928110220.0
006 a|||||r|||| 00| 0
007 ta
008 220927b |||||||| |||| 00| 0 eng d
024 _a108742
037 _cTextual
040 _aSDCL
_cSDCL
_beng
041 _2eng
_aeng
082 _aQ13, P4.1
100 _aSidhantakar Hari Sharan
_9418622
245 0 _aSamaveda bhashyam.
260 _c2004
300 _a447p.
_ccm.
942 _hQ13, P4.1
_cTEXL
_2CC
999 _c734628
_d734628